000 00262nam a2200109Ia 4500
008 220204s9999 xx 000 0 und d
082 _a82-7
_bFEL
245 4 _aThe Invisible mad
260 _aNew York
_bWarner
_c1974
700 _aFeldstein, Albert B
942 _cBK
999 _c37522
_d37522